| 000 | 01162nam a22003137a 4500 | ||
|---|---|---|---|
| 001 | 5411 | ||
| 003 | FISKH | ||
| 005 | 20241203160726.0 | ||
| 008 | 241203b cb ||||| |||| 00| 0 eng d | ||
| 020 | _a9780439112109 | ||
| 040 |
_aFISKH _beng _cFISKH _dFISKH |
||
| 050 | _aPZ7.M478693 | ||
| 082 | _a966.5 | ||
| 100 | _aMckissack, Patricia C. | ||
| 245 |
_aNzingha : _bWarrior Queen of Matamba, Angola, Africa, 1595 / _cby Patricia C. Mckissack |
||
| 250 | _aFirst printing , September 2000 | ||
| 260 |
_aNew York : _bScholastic ; _c2000. |
||
| 300 |
_a136 pages : _billustrations , maps ; _c20 cm . |
||
| 490 |
_aThe Royal Diaries _vBook 6 |
||
| 505 | _aU | ||
| 520 | _aPresents the diary of thirteen-year-old Nzingha, a sixteenth-century West African princess who loves to hunt and hopes to lead her kingdom one day against the invasion of the Portuguese slave traders. | ||
| 521 | 8 |
_a820
_bLexile |
|
| 521 | 8 |
_aU
_bRaz-Plus |
|
| 650 |
_aNzingha, Queen of Matamba, d. 1663 _vJuvenile fiction |
||
| 650 |
_aAngola- History-1482-1648 _vJuvenile fiction |
||
| 700 |
_aFethi, Ahmet _etranslator |
||
| 942 |
_2ddc _cBK _n0 |
||
| 999 |
_c5411 _d5411 |
||